A framework for marketing management. / (Record no. 7679)
[ view plain ]
| 000 -LEADER | |
|---|---|
| fixed length control field | 01622nam a22001937a 4500 |
| 003 - CONTROL NUMBER IDENTIFIER | |
| control field | OSt |
| 005 - DATE AND TIME OF LATEST TRANSACTION | |
| control field | 20210629140858.0 |
| 008 - FIXED-LENGTH DATA ELEMENTS--GENERAL INFORMATION | |
| fixed length control field | 150121b xxu||||| |||| 00| 0 eng d |
| 020 ## - INTERNATIONAL STANDARD BOOK NUMBER | |
| International Standard Book Number | 0130185256 |
| 040 ## - CATALOGING SOURCE | |
| Transcribing agency | LC |
| 050 ## - LIBRARY OF CONGRESS CALL NUMBER | |
| Classification number | HF5415.13.K64 |
| 100 ## - MAIN ENTRY--PERSONAL NAME | |
| Personal name | Kotler, Philip |
| 245 ## - TITLE STATEMENT | |
| Title | A framework for marketing management. / |
| Statement of responsibility, etc. | Philip Kotler |
| 260 ## - PUBLICATION, DISTRIBUTION, ETC. | |
| Place of publication, distribution, etc. | Upper Saddle River: |
| Name of publisher, distributor, etc. | Prentice Hall, |
| Date of publication, distribution, etc. | 2001. |
| 300 ## - PHYSICAL DESCRIPTION | |
| Extent | xv, 352 p.: |
| Other physical details | ill., |
| 500 ## - GENERAL NOTE | |
| General note | Includes index |
| 505 ## - FORMATTED CONTENTS NOTE | |
| Formatted contents note | Contents: Part 1 Understanding marketing management: Marketing in the twenty-first century -- Building customer satisfaction, value, and retention -- Winning markets: market-oriented strategic planning -- Part 2 Analyzing marketing opportunities: Understanding markets, market demand, and the marketing environment -- Analyzing consumer markets and buyer behavior -- Analyzing business markets and buyer behavior -- Dealing with the competition -- Identifying market segments and selecting target markets -- Developing marketing strategies: Positioning the market offering through the product life cycle -- Developing new products -- Designing global market offerings -- Part 3 Making marketing decisions: Developing, differentiating, and positioning products through the life cycle -- Managing product lines and brands -- Designing and managing services -- Designing pricing strategies and programs -- Part 4 Managing and delivering marketing programs: Selecting and managing marketing channels -- Managing retailing, wholesaling, and market logistics -- Managing the sales force -- Managing direct and on-line marketing -- |
| 942 ## - ADDED ENTRY ELEMENTS (KOHA) | |
| Source of classification or shelving scheme | Library of Congress Classification |
| Koha item type | Books |
| Withdrawn status | Lost status | Source of classification or shelving scheme | Damaged status | Not for loan | Home library | Current library | Shelving location | Date acquired | Source of acquisition | Total Checkouts | Full call number | Barcode | Date last seen | Copy number | Price effective from | Koha item type |
|---|---|---|---|---|---|---|---|---|---|---|---|---|---|---|---|---|
| Library of Congress Classification | WISCONSIN INTERNATIONAL UNIVERSITY COLLEGE, GHANA KUMASI LIBRARY | WISCONSIN INTERNATIONAL UNIVERSITY COLLEGE, GHANA KUMASI LIBRARY | General Stacks | 30/10/2019 | STM | HF5415.13.K64 | K/1003/1003/19 | 29/06/2021 | 1 | 29/06/2021 | Books | |||||
| Library of Congress Classification | WISCONSIN INTERNATIONAL UNIVERSITY COLLEGE, GHANA KUMASI LIBRARY | WISCONSIN INTERNATIONAL UNIVERSITY COLLEGE, GHANA KUMASI LIBRARY | General Stacks | 30/10/2019 | STM | HF5415.13.K641 | K/1004/1004/19 | 29/06/2021 | 2 | 29/06/2021 | Books |
